UBT Library

LEADERSHIP IS AN ART (Record no. 35299)

000 -LEADER
fixed length control field 00290nam a22001337a 4500
008 - FIXED-LENGTH DATA ELEMENTS--GENERAL INFORMATION
fixed length control field 171021b xxu||||| |||| 00| 0 eng d
020 ## - INTERNATIONAL STANDARD BOOK NUMBER
International Standard Book Number 9780440503248
041 ## - LANGUAGE CODE
Language code of text/sound track or separate title eng
080 ## - UNIVERSAL DECIMAL CLASSIFICATION NUMBER
Universal Decimal Classification number 658
100 ## - Rafti
Rafti 54
101 ## - Shkurtesa
Shkurtesa LID
245 ## - TITLE STATEMENT
Title LEADERSHIP IS AN ART
Statement of responsibility, etc DEPREE, M
942 ## - ADDED ENTRY ELEMENTS (KOHA)
Source of classification or shelving scheme
Item type Books
Holdings
Withdrawn status Lost status Source of classification or shelving scheme Damaged status Not for loan Collection code Permanent location Current location Shelving location Date acquired Total Checkouts Full call number Barcode Date last seen Price effective from Koha item type
          Koleksioni i përgjithshem UBT - Lipjan UBT - Lipjan Koleksioni i përgjithshem 10/21/2017   658 DEP 002-2933800 10/21/2017 10/21/2017 Books
UBT Library © 2015-2024. All rights reserved University Education for Business and Technology